US Metro Areas by Their Shape - Statistics

General Stats
  • This quiz has been taken 51 times
  • The average score is 7 of 10
Answer Stats
Picture Answer % Correct
Boston
100%
New York City
100%
San Francisco/Bay Area
93%
Seattle
88%
Tampa Bay
65%
Denver
60%
Atlanta
58%
Washington, D.C.
58%
Charlotte
42%
St. Louis
40%
No matching quizzes found
Score Distribution
Percent of People with Each Score
Percentile by Number Answered
Your Score History
You have not taken this quiz